[Event "Minsk op"]
[Site "Minsk"]
[Date "2023.11.04"]
[Round "2"]
[White "Vitsiuk, Anton"]
[Black "Spizharny, Mikhail"]
[Result "0-1"]
[WhiteElo "1614"]
[BlackElo "2169"]
[PlyCount "78"]
[EventDate "2023.11.03"]
[EventType "swiss"]
[EventRounds "9"]
[EventCountry "BLR"]
[SourceTitle "CB46_2023"]
[SourceDate "2023.11.15"]
[SourceVersion "1"]
[SourceVersionDate "2023.11.15"]
[SourceQuality "1"]

1. e4 Nf6 2. e5 Nd5 3. d4 d6 4. Nf3 g6 5. Bc4 Nb6 6. Bb3 Bg7 7. 0-0 0-0 8. Re1 Nc6 9. e6 fxe6 10. c3 d5 11. Ng5 e5 12. dxe5 Nxe5 13. Be3 Nbc4 14. Bc5 h6 15. Bxc4 dxc4 16. Qxd8 Rxd8 17. Ne4 Nd3 18. Na3 Bf5 19. Re3 Bxe4 20. Bxe7 Rd7 21. Rxe4 Re8 22. Nxc4 Rdxe7 23. Rxe7 Rxe7 24. Kf1 b5 25. Ne3 Nxb2 26. Rb1 Nc4 27. Rxb5 Nxe3+ 28. fxe3 Rxe3 29. Rb7 a5 30. Rxc7 Rxc3 31. Rxc3 Bxc3 32. Ke2 Kf7 33. Kd3 Be5 34. h3 Kf6 35. Ke4 h5 36. g4 hxg4 37. hxg4 Bc7 38. a4 Kg5 39. Kf3 Bf4 0-1